| 000 | 00844nam a2200241 i 4500 | ||
|---|---|---|---|
| 001 | 172685 | ||
| 003 | ES-MaACL | ||
| 005 | 20260209111448.0 | ||
| 008 | 090821s1919 sp |||| | spa d | ||
| 080 | _a821.134.2-31"18" | ||
| 100 | 1 |
_aPereda, José María de, _d1833-1906 _990447 |
|
| 245 | 1 | 3 |
_aLa Montálvez / _cJosé M. de Pereda. |
| 250 | _a4ª ed. | ||
| 260 |
_aMadrid : _b[s.n.], _c1919 ( _fEstab. Tip. de los Hijos de Tello) |
||
| 300 |
_a531 p. ; _c17 cm. |
||
| 490 | 1 |
_aObras completas de José M. de Pereda ; _v12 |
|
| 530 | _aDisponible en formato digital. | ||
| 830 | 0 |
_aObras completas de José M. de Pereda ; _v12 _9188346 |
|
| 852 |
_aES-MaACL _jB-3699 _cSPB |
||
| 856 | 4 |
_uhttp://bdh-rd.bne.es/viewer.vm?id=0000199591&page=1 _yBiblioteca Digital Hispánica |
|
| 942 | _2udc | ||
| 999 |
_c172685 _d172685 |
||